|
|
|
|
| LEADER |
01764nam a2200493 i 4500 |
| 001 |
001883549 |
| 003 |
CZ BrMZK |
| 005 |
20240206080251.0 |
| 007 |
ta |
| 008 |
240122t20212021sz a f p 001 0 eng |
| 020 |
|
|
|a 978-3-030-57462-8
|q (brožováno)
|
| 040 |
|
|
|a BOA001
|b cze
|e rda
|
| 072 |
|
7 |
|a 616
|x Patologie. Klinická medicína
|2 Konspekt
|9 14
|
| 072 |
|
7 |
|a 37.016
|x Učební osnovy. Vyučovací předměty. Učebnice
|2 Konspekt
|9 22
|
| 080 |
|
|
|a 616.12
|2 MRF
|
| 080 |
|
|
|a 616.61
|2 MRF
|
| 080 |
|
|
|a 616-06
|2 MRF
|
| 080 |
|
|
|a [616.12+616.61]-008.6
|2 MRF
|
| 080 |
|
|
|a (075)
|2 MRF
|
| 245 |
0 |
0 |
|a Textbook of cardiorenal medicine /
|c Peter A. McCullough, Claudio Ronco editors
|
| 264 |
|
1 |
|a Cham :
|b Springer,
|c [2021]
|
| 264 |
|
4 |
|c ©2021
|
| 300 |
|
|
|a x, 387 stran :
|b barevné ilustrace ;
|c 26 cm
|
| 336 |
|
|
|a text
|b txt
|2 rdacontent
|
| 337 |
|
|
|a bez média
|b n
|2 rdamedia
|
| 338 |
|
|
|a svazek
|b nc
|2 rdacarrier
|
| 504 |
|
|
|a Obsahuje bibliografické odkazy a rejstřík
|
| 650 |
0 |
7 |
|a kardiologie
|7 ph121467
|2 czenas
|
| 650 |
0 |
7 |
|a nefrologie
|7 ph203129
|2 czenas
|
| 650 |
0 |
7 |
|a komplikace (lékařství)
|7 ph134851
|2 czenas
|
| 650 |
0 |
7 |
|a kardiorenální syndrom
|7 ph961306
|2 czenas
|
| 650 |
0 |
9 |
|a cardiology
|2 eczenas
|
| 650 |
0 |
9 |
|a nephrology
|2 eczenas
|
| 650 |
0 |
9 |
|a complications of diseases
|2 eczenas
|
| 650 |
0 |
9 |
|a cardiorenal syndrome
|2 eczenas
|
| 653 |
0 |
|
|a kardiorenální lékařství
|
| 655 |
|
7 |
|a učebnice
|7 fd133770
|2 czenas
|
| 655 |
|
9 |
|a textbooks
|2 eczenas
|
| 700 |
1 |
|
|a McCullough, Peter A.
|7 xx0189583
|4 edt
|
| 700 |
1 |
|
|a Ronco, Claudio,
|d 1951-
|7 nlk20040148069
|4 edt
|
| 910 |
|
|
|a BOA001
|b 3-1519.433
|
| 990 |
|
|
|a BK
|
| 991 |
|
|
|b 202402
|c NOV
|
| 996 |
6 |
|
|b 2610956353
|c 3-1519.433
|l MZK
|r STM 6p
|n 0
|p kupz
|h 616.1 McC
|w 001951317
|u 000010
|a 0
|e BOA001
|j MZK50
|s P
|